000 00487nam a2200169Ia 4500
008 230718s9999 xx 000 0 und d
020 _a978067093595
041 _aeng
082 _a158.1
_bSIN
100 _aSingh R.(Editor)
_9195985
245 _aDaily Inspirations From His Holiness The Dalai Lama
260 _c1998
_bPenguin Viking
300 _a415
365 _cRs.
_b399.00
700 _aSingh R.(Editor)
_9195985
906 _dO:0712403-Mar-2020B:566103-Feb-2020
_cGENRL
_b99.75
999 _c351542
_d351542